| 000 | 00755nam a2200217Ia 4500 | ||
|---|---|---|---|
| 003 | GCL | ||
| 008 | 140319s9999 xx 000 0 ara d | ||
| 040 |
_aGCL / _cGCL |
||
| 082 | 0 | 4 |
_a891.51 _bهـ أ |
| 100 | 1 | _aحسين مجيب المصرى | |
| 245 | 1 | 0 |
_aالادب الفارسى القديم / _cحسين مجيب المصرى |
| 700 | 1 | _aهورن، باول | |
| 250 | _aالاولى | ||
| 260 |
_aالقاهرة : _bالمجلس الاعلى للثقافة ، _c2005 |
||
| 300 |
_a219ص ؛ _c19سم |
||
| 490 |
_aالمشروع القومى للترجمة _v971 |
||
| 650 | 0 | 4 | _aالادب الفارسى |
| 650 | 0 | 4 | _aالادب الفارسى المترجم |
| 650 | 0 | 4 | _aالادب الفارسى - تاريخ ونقد |
| 942 |
_2ddc _cBK |
||
| 999 |
_c9360 _d9360 |
||